000 01343nam a22003737a 4500
003 CHAP
005 20250515062727.0
008 971013s1990 r 00010 d
010 _a39144
011 _a40116
035 _a44241
040 _cCHAP
090 _aTesis
100 0 0 _aSegura Cardoso, Victorino.
_9103643
245 _aRespuesta del maíz (Zea mays L.) en diferentes dosis de aplicación de nitrógeno, fósforo y gallinaza combinados en el área de San Martín Texmelucan, edo. de Puebla
260 _aChapingo, Méx. :
_bEl autor,
_c1990
300 _a46 h.
502 _aTesis (Ing. Agr. Esp. en Fitotecnia) -- UACH. Departamento de Fitotecnia
590 _aALEPH
_b10
_c20130110
_lUCH01
_h1306
590 _aBATCH-UPD
_b10
_c20130110
_lUCH01
_h1847
590 _aBATCH-UPD
_b10
_c20130410
_lUCH01
_h1217
590 _aBATCH-UPD
_b10
_c20130914
_lUCH01
_h1425
590 _aCONVERSION
_b10
_c20130109
_lUCH01
_h1322
650 1 4 _aFósforo
_xEfecto en maíz.
_942243
650 1 4 _aGallinaza.
_944445
650 1 7 _aMaíz
_xCostos de producción
_2
_970915
650 1 4 _aMaíz
_xRendimiento.
_971051
650 1 4 _aMaíz
_zPuebla.
650 1 4 _aNitrógeno
_xEfecto en maíz.
_981447
901 _aBK
942 _cFOLL
949 _bBC
_cTES
_d-101359
_eTS1
_h27715
_i44241
_si
949 _bBC
_cTES
_d-101360
_eTS2
_fc.2
_h27716
_i44241
_si
999 _c39144
_d39144